| 000 | 007640000a22002410004500 | ||
|---|---|---|---|
| 041 | 0 | _aEspañol | |
| 090 |
_aMM _b00006 |
||
| 245 | 1 | 0 | _aDesarrollo silvicultural en el Pacífico Tumaco |
| 300 |
_a12 min. _bBETA |
||
| 650 | 1 | 4 |
_aBosques tropicales _992765 |
| 650 | 1 | 4 |
_aForestación _9100871 |
| 650 | 1 | 4 |
_aEnsayos de variedades _9100872 |
| 650 | 1 | 4 |
_aEspecies forestales nativas _919406 |
| 650 | 1 | 4 |
_aPalmas _992981 |
| 650 | 1 | 4 |
_aSucesión vegetal _93507 |
| 651 | 4 |
_mTumaco _dNariño _pColombia _992749 |
|
| 653 |
_fBoraginaceae _gCordia _eCordia alliodora _vlaurel blanco |
||
| 041 | 0 | _aEspañol | |
| 044 | _aColombia | ||
| 110 | 1 |
_aInstituto Nacional de los Recursos Renovables y del Ambiente _sINDERENA _9100867 |
|
| 260 |
_bINDERENA _c1992 |
||
| 942 | _cCD-ROM | ||
| 999 |
_c16462 _d16462 |
||